<?xml version="1.0" encoding="UTF-8"?>
<marc:record xmlns:marc="http://www.loc.gov/MARC21/slim">
   <marc:leader>00000nam a2200000 a 4500</marc:leader>
   <marc:datafield ind1="1" ind2=" " tag="100">
      <marc:subfield code="a">Crowe, K. C.</marc:subfield>
      <marc:subfield code="4">aut</marc:subfield>
      <marc:subfield code="e">Verfasser/-in</marc:subfield>
   </marc:datafield>
   <marc:datafield ind1="0" ind2="0" tag="245">
      <marc:subfield code="a">Schwarze Bucht</marc:subfield>
   </marc:datafield>
   <marc:datafield ind1="0" ind2="0" tag="245">
      <marc:subfield code="b">Neuseeland-Krimi</marc:subfield>
   </marc:datafield>
   <marc:datafield ind1="0" ind2="0" tag="245">
      <marc:subfield code="c">K.C. Crowe</marc:subfield>
   </marc:datafield>
   <marc:datafield ind1=" " ind2="1" tag="264">
      <marc:subfield code="a">Berlin</marc:subfield>
      <marc:subfield code="b">Ullstein</marc:subfield>
      <marc:subfield code="c">2018</marc:subfield>
   </marc:datafield>
   <marc:datafield ind1="1" ind2=" " tag="520">
      <marc:subfield code="a">Im malerischen Städtchen Dunedin, ganz im Süden der Südinsel Neuseelands, verbringt Inspektor Parnell seinen Urlaub. Vor allem die Pinguin-Kolonien bieten ein faszinierendes Schauspiel für Touristen. Als im Nachbarzimmer seines Bed &amp; Breakfast eine Leiche gefunden wird, ist es für Parnell jedoch mit der Ruhe vorbei. Neben der Leiche liegen nicht nur schwarze Pinguin-Federn, sondern Parnell gerät selbst unter Mordverdacht. Durch einen alkoholbedingten Filmriss kann er sich an nichts mehr erinnern. Wie soll er seine Unschuld beweisen?</marc:subfield>
   </marc:datafield>
   <marc:datafield ind1=" " ind2=" " tag="020">
      <marc:subfield code="a">9783548290270</marc:subfield>
      <marc:subfield code="9">9783548290270</marc:subfield>
   </marc:datafield>
   <marc:datafield ind1=" " ind2=" " tag="020">
      <marc:subfield code="a">3548290272</marc:subfield>
      <marc:subfield code="9">3548290272</marc:subfield>
   </marc:datafield>
   <marc:datafield ind1=" " ind2=" " tag="300">
      <marc:subfield code="a">255 Seiten</marc:subfield>
   </marc:datafield>
</marc:record>
